What Is It - Geography - Statistics

General Stats
  • This quiz has been taken 82 times
  • The average score is 18 of 25
Answer Stats
Hint Explanation Answer % Correct
Istanbul Turkey City
93%
French France, its neighbours and many former colonies Language
93%
Prague Czech Republic City
92%
Peso Used in many Hispanic countries Currency
92%
Flemish From the Belgian region of Flanders Language
92%
Danube Europe River
90%
Rupee India Currency
89%
Shekel Israel Currency
88%
Bali Indonesia Island
86%
Urdu Spoken widely in Pakistan and India Language
86%
Hokkaido Japan Island
85%
Hispaniola Haiti and Dominican Republic Island
85%
Murray Australia River
77%
Santorini Greece Island
73%
Yukon United States and Canada River
67%
Incheon South Korea City
66%
Guayaquil Ecuador City
66%
Ellesmere Canada Island
66%
Parana Brazil, Paraguay, Brazil River
64%
Quechua Spoken mostly in Peru and Bolivia Language
62%
Ob Russia River
56%
Tswana Spoken in Botswana and South Africa Language
55%
Kwanza Angola Currency
40%
Manat Azerbaijan Currency
37%
Kumasi Ghana City
36%
No matching quizzes found
Score Distribution
Percent of People with Each Score
Percentile by Number Answered
Your Score History
You have not taken this quiz